<?xml version="1.0" encoding="UTF-8"?>
<record
    xmlns:xsi="http://www.w3.org/2001/XMLSchema-instance"
    xsi:schemaLocation="http://www.loc.gov/MARC21/slim http://www.loc.gov/standards/marcxml/schema/MARC21slim.xsd"
    xmlns="http://www.loc.gov/MARC21/slim">

  <leader>01660nam a22001937a 4500</leader>
  <controlfield tag="003">IT-RoPau</controlfield>
  <controlfield tag="005">20220918175935.0</controlfield>
  <controlfield tag="008">121112b        xxu||||| |||| 00| 0 eng d</controlfield>
  <datafield tag="040" ind1=" " ind2=" ">
    <subfield code="c">IT-RoPau</subfield>
  </datafield>
  <datafield tag="100" ind1=" " ind2=" ">
    <subfield code="a">Alberione Giacomo</subfield>
    <subfield code="9">19</subfield>
    <subfield code="e">Fondatore famiglia Paolina</subfield>
  </datafield>
  <datafield tag="245" ind1=" " ind2=" ">
    <subfield code="a">Prediche tenute alle Pie Discepole del Divin Maestro.</subfield>
    <subfield code="b">Vol VIII anno 1963 numeri marginali: 1- 426</subfield>
  </datafield>
  <datafield tag="250" ind1=" " ind2=" ">
    <subfield code="a">1</subfield>
  </datafield>
  <datafield tag="260" ind1=" " ind2=" ">
    <subfield code="a">Roma</subfield>
    <subfield code="b">PDDM</subfield>
    <subfield code="c">?1960?</subfield>
  </datafield>
  <datafield tag="300" ind1=" " ind2=" ">
    <subfield code="a">286 p.</subfield>
    <subfield code="c">29,5 cm</subfield>
  </datafield>
  <datafield tag="490" ind1=" " ind2=" ">
    <subfield code="a">VIII,1</subfield>
    <subfield code="v">VIII,1</subfield>
  </datafield>
  <datafield tag="500" ind1=" " ind2=" ">
    <subfield code="a">Come nel volume precedente</subfield>
  </datafield>
  <datafield tag="520" ind1=" " ind2=" ">
    <subfield code="a">Prefazione
250)Anno di particolare santificazione
251)Anno di particolare santificicazione: conoscere Ges&#xF9;
252)Un mese di preparazione alla professione perpetua
253)Umilt&#xE0; e obbedienza
254)Anno di particolare santificazione: conoscere Ges&#xF9;
255)La missione delle Pie Discepole nelle Filippine
256)anno di particolare santificazione: le due vie
257)La S. Messa (Sabato santo)
258)L' impegno per la santificazione
259)Il fondamento della santificazione: virt&#xF9; teologali
260)Lo spirito di  Ges&#xF9; : le beatitudini
261)La Fede
262)La speranza
263)La carit&#xE0; : amore a Dio e alle anime
264)Vita mariana di Ges&#xF9;
265)Amare la Congregazione: cura delle vocazioni
266)Santificare la mente,la volnt&#xE0;, il cuore
267)Il progresso spirituale
268)La Famiglia Paolina
269)Novena allo Spirito Santo
270)Maria, Regina degli Apostoli
271)I nove Gradi dell' orazione
272)I segni di progresso nella santificazione
273)Cercare la gloriadi Dio. Vita comune. Carattere
274)Il mistero del Cristo in S. Paolo
275)La vita mariana di Ges&#xF9;
276)Il fondamento della santificazione: vivere in Cristo
277)Il senso sociale
  </subfield>
  </datafield>
  <datafield tag="942" ind1=" " ind2=" ">
    <subfield code="2">ddc</subfield>
    <subfield code="c">BK</subfield>
  </datafield>
  <datafield tag="999" ind1=" " ind2=" ">
    <subfield code="c">37500</subfield>
    <subfield code="d">37500</subfield>
  </datafield>
  <datafield tag="952" ind1=" " ind2=" ">
    <subfield code="0">0</subfield>
    <subfield code="1">0</subfield>
    <subfield code="2">ddc</subfield>
    <subfield code="4">0</subfield>
    <subfield code="6">P_A1</subfield>
    <subfield code="7">1</subfield>
    <subfield code="a">PAULUS</subfield>
    <subfield code="b">PAULUS</subfield>
    <subfield code="d">2012-11-12</subfield>
    <subfield code="l">0</subfield>
    <subfield code="o">P A1</subfield>
    <subfield code="r">2012-11-12 00:00:00</subfield>
    <subfield code="w">2012-11-12</subfield>
    <subfield code="y">BK</subfield>
  </datafield>
</record>
